00306nam a2200121Ia 4500008004100000100002700041245003400068260002700102300000900129650002200138942000700160999001700167190216s9999||||xx |||||||||||||| ||und|| aThunjathu Ezhuthachan 0aAdhythma Ramayanam Balakandam bVidyarthimithramc1978 a104p aMalayalam Kavitha cBK c25754d25754